000 00237nam a2200109Ia 4500
082 _a610.7367
_bM07W
100 _aW.H.O.
245 _aMANAGING NEWBORN PROBLEMS
260 _bA.I.T.B.S
_c2007
650 _aNEWBORN PROBLEM
942 _2ddc
_cBK
999 _c6811
_d6811